LEGO Dimensions Characters - Statistics

General Stats
  • This quiz has been taken 283 times
    204 since last reset
  • The average score is 57 of 109
Answer Stats
Franchise Answer % Correct
DC Comics Batman
100%
The LEGO Batman Movie Batman (The LEGO Batman Movie)
100%
DC Comics Superman
93%
The LEGO Batman Movie Robin
92%
Teen Titans Go! Robin (Teen Titans Go!)
92%
DC Comics Cyborg
91%
Teen Titans Go! Cyborg (Teen Titans Go!)
91%
The Simpsons Homer Simpson
89%
Scooby-Doo! Shaggy
87%
The Simpsons Bart Simpson
86%
The LEGO Movie Emmet
85%
Scooby-Doo! Scooby-Doo
85%
DC Comics The Joker
84%
DC Comics Wonder Woman
83%
Teen Titans Go! Beast Boy
80%
The Lord Of The Rings Gandalf
80%
Harry Potter Harry Potter
80%
Teen Titans Go! Raven
79%
Back To The Future Marty McFly
77%
Teen Titans Go! Starfire
77%
Sonic The Hedgehog Sonic The Hedgehog
76%
Adventure Time Jake
75%
Adventure Time Finn
74%
DC Comics Harley Quinn
74%
DC Comics Aquaman
73%
Ninjago Cole
73%
Back To The Future Doc Brown
73%
The LEGO Movie Wyldstyle
73%
The LEGO Movie Benny
72%
Ninjago Kai
72%
Ninjago Zane
72%
The LEGO Batman Movie Batgirl
71%
Beetlejuice Betelgeuse
70%
Ninjago Jay
70%
The LEGO Movie Unikitty
70%
Harry Potter Lord Voldemort
69%
The Simpsons Krusty The Clown
67%
Ninjago Lloyd
67%
E.T. The Extra-Terrestrial E.T.
65%
Ninjago Nya
65%
The Lord Of The Rings Gollum
63%
The Lord Of The Rings Legolas
63%
The LEGO Movie Bad Cop
62%
Jurassic World Owen Grady
61%
The Wizard Of Oz Wicked Witch
61%
Ninjago Sensei Wu
59%
Ghostbusters Slimer
59%
DC Comics Supergirl
59%
The Lord Of The Rings Gimli
57%
Harry Potter Hermione Granger
57%
DC Comics Bane
55%
The Powerpuff Girls Bubbles
52%
Portal 2 Chell
52%
Legend Of Chima Laval
52%
Gremlins Gizmo
51%
DC Comics Green Arrow
50%
Ghostbusters Peter Venkman
49%
LEGO City Undercover Chase McCain
48%
Adventure Time Marceline
48%
Doctor Who Cyberman
47%
Adventure Time Lumpy Space Princess
46%
The Powerpuff Girls Buttercup
45%
Legend Of Chima Cragger
44%
Legend Of Chima Eris
43%
Midway Arcade Gamer Kid
43%
The Goonies Sloth
43%
Doctor Who 12th Doctor
41%
The Powerpuff Girls Blossom
41%
Gremlins Stripe
41%
Doctor Who 10th Doctor
40%
Doctor Who 11th Doctor
40%
Doctor Who 1st Doctor
40%
Doctor Who 2nd Doctor
40%
Doctor Who 4th Doctor
39%
Doctor Who 5th Doctor
39%
Doctor Who 6th Doctor
39%
Doctor Who 7th Doctor
39%
Doctor Who 8th Doctor
39%
Doctor Who 9th Doctor
39%
Fantastic Beasts And Where To Find Them Newt Scamander
39%
Ghostbusters Stay Puft
39%
Doctor Who 3rd Doctor
38%
Mission: Impossible Ethan Hunt
38%
Jurassic World ACU Trooper
34%
The A-Team B. A. Baracus
32%
Ghostbusters 2016 Abby Yates
31%
The LEGO Batman Movie Excalibur Batman
31%
Knight Rider Michael Knight
30%
Fantastic Beasts And Where To Find Them Tina Goldstein
29%
Doctor Who War Doctor
29%
Ghostbusters Egon Spengler
28%
Adventure Time Fern
25%
The Goonies Chunk
24%
The Goonies Data
23%
The Goonies Mikey
20%
Ghostbusters Winston Zeddemore
20%
Fantastic Beasts And Where To Find Them Queenie Goldstein
19%
The Goonies Andy
16%
Fantastic Beasts And Where To Find Them Jacob Kowalski
16%
The Goonies Mouth
16%
Ghostbusters Ray Stanz
16%
The Goonies Brand
15%
The Goonies Stef
15%
The A-Team "Howling Mad" Murdock
13%
Ghostbusters 2016 Jillian Holtzmann
13%
Ghostbusters 2016 Patty Tolan
13%
Ghostbusters 2016 Erin Gilbert
12%
The A-Team John "Hannibal" Smith
12%
The A-Team Templeton "Faceman" Peck
9%
No matching quizzes found
Score Distribution
Percent of People with Each Score
Percentile by Number Answered
Your Score History
You have not taken this quiz since the last reset